000 00678nam a2200265Ia 4500
005 20260306163608.0
008 008 260114s9999 xx 000 0 eng d
020 _a9780252051807
037 _aEBOOK
040 _aCRL
040 _beng
040 _cCRL
041 _2eng
041 _aeng
084 _qCRL
100 _aWells
245 4 _aThe Enforcers: How Little-known Trade Reporters Exposed The Keating Five And Advanced Business Journalism
260 _bUniversity of Illinois Press
260 _c2020
650 _aSocial Work
856 _uhttps://academic.oup.com/book/31497
942 _cEBOOK
999 _c1710731
_d1710731